000 00777nam a22002417a 4500
008 131030b xxu||||| |||| 00| 0 ger d
020 _a3478083168
041 0 _ager
080 _a316.47
100 1 _aBirkenbihl, Vera F.
245 1 0 _aKommunikations-training :
_cVera F. Birkenbihl
250 _a23. Auflage
260 _aMunchen :
_bmvg Verlag ;
_c2002.
300 _a315 f. :
_bme il. ;
_c19 cm.
500 _aVorwort zur 1. Auflage : f. 7-16
500 _aVorwort zur 7. Auflage : f. 16-18
500 _aVorwort zur 9. Auflage : f. 18-19
500 _aVorwort zur 13. Auflage : f.19-20
505 _aLiteratur : f. 296-305
650 _aSociologjia
650 _aMarrëdhëniet sociale
942 _2udc
_cBK
999 _c216
_d216